[Event "Titled Tuesday intern op 13th Feb Early"]
[Site "Chess.com INT"]
[Date "2024.02.13"]
[Round "5"]
[White "Cagara, Paulina"]
[Black "Perez Cruz, Adianet"]
[Result "1-0"]
[WhiteElo "2087"]
[BlackElo "1973"]
[PlyCount "93"]
[EventDate "2024.02.13"]
[EventType "swiss (blitz)"]
[EventRounds "11"]
[EventCountry "USA"]
[SourceTitle "CB08_2024"]
[SourceDate "2024.02.21"]
[SourceVersion "1"]
[SourceVersionDate "2024.02.21"]
[SourceQuality "1"]

1. e4 c6 2. d4 d5 3. exd5 cxd5 4. Bd3 Nf6 5. c3 Nc6 6. h3 g6 7. Nf3 Bf5 8. Bxf5 gxf5 9. Bf4 e6 10. Nbd2 Ne4 11. Ne5 Bd6 12. Qh5 Nxe5 13. dxe5 Bc5 14. Nxe4 fxe4 15. 0-0 Qe7 16. Bg5 Qd7 17. Bf6 Rf8 18. Qxh7 Be7 19. Bg7 0-0-0 20. Bxf8 Bxf8 21. b3 Bc5 22. Rad1 Qc7 23. Qg7 Kb8 24. Qf6 Rg8 25. c4 d4 26. b4 Bf8 27. Rxd4 Bg7 28. Qg5 Qxe5 29. Qxe5+ Bxe5 30. Rd7 f5 31. Re7 Bc3 32. a3 e5 33. Rd1 Bd4 34. Kf1 f4 35. c5 f3 36. g3 Bb2 37. a4 Bc3 38. b5 Bd4 39. c6 bxc6 40. bxc6 Rc8 41. Rb1+ Ka8 42. c7 Bb6 43. Rc1 Kb7 44. Rxe5 e3 45. fxe3 Rh8 46. h4 Bxc7 47. Re7 1-0

[Event "Titled Tuesday intern op 19th Dec Early"]
[Site "Chess.com INT"]
[Date "2023.12.19"]
[Round "2"]
[White "Cansun, Can Alp"]
[Black "Perez Cruz, Adianet"]
[Result "0-1"]
[WhiteElo "2130"]
[BlackElo "1973"]
[PlyCount "126"]
[EventDate "2023.12.19"]
[EventType "swiss (blitz)"]
[EventRounds "11"]
[EventCountry "USA"]
[SourceTitle "CB52_2023"]
[SourceDate "2023.12.27"]
[SourceVersion "1"]
[SourceVersionDate "2023.12.27"]
[SourceQuality "1"]

1. d4 d5 2. c4 e5 3. dxe5 d4 4. Nf3 Nc6 5. g3 Be6 6. Bg2 Nge7 7. Nbd2 Ng6 8. a3 a5 9. b3 Qd7 10. Bb2 h5 11. h4 Rd8 12. 0-0 Be7 13. Qc2 0-0 14. Rad1 Bh3 15. Ne4 Bxg2 16. Kxg2 Qg4 17. Kh2 Ncxe5 18. Nxe5 Nxe5 19. Bxd4 Ng6 20. f3 Qf5 21. Qc3 Bxh4 22. Bxg7 Rxd1 23. Rxd1 Re8 24. Bf6 Rxe4 25. Rd8+ Kh7 26. Bxh4 Rxe2+ 27. Kg1 Qh3 28. Rh8+ Nxh8 29. Qd3+ Ng6 30. Qxe2 Nxh4 31. Qe4+ Ng6 32. Qxb7 Qxg3+ 33. Kf1 Qd6 34. Qe4 Kg7 35. Qf5 Qf6 36. Qxh5 Qf4 37. Kg2 Qd2+ 38. Kg3 Qh6 39. Qxa5 Qf4+ 40. Kf2 Qd4+ 41. Kg2 c5 42. Qe1 Qb2+ 43. Qf2 Qxb3 44. Qxc5 Qxa3 45. Qd4+ Kh7 46. c5 Qa2+ 47. Kg3 Qe6 48. Qg4 Qxg4+ 49. Kxg4 Kg7 50. Kf5 Kf8 51. Kf6 Ke8 52. c6 Ne7 53. c7 Nc8 54. f4 Kf8 55. f5 Ke8 56. Kg7 Ke7 57. f6+ Ke6 58. Kf8 Kxf6 59. Ke8 Ke6 60. Kd8 Nd6 61. c8Q+ Nxc8 62. Kxc8 f5 63. Kb7 f4 0-1

[Event "Titled Tuesday intern op 12th Dec Early"]
[Site "Chess.com INT"]
[Date "2023.12.12"]
[Round "2"]
[White "Perez Cruz, Adianet"]
[Black "Pourkashiyan, Atousa"]
[Result "0-1"]
[WhiteElo "1973"]
[BlackElo "2259"]
[PlyCount "86"]
[EventDate "2023.12.12"]
[EventType "swiss (blitz)"]
[EventRounds "11"]
[EventCountry "USA"]
[SourceTitle "CB51_2023"]
[SourceDate "2023.12.20"]
[SourceVersion "1"]
[SourceVersionDate "2023.12.20"]
[SourceQuality "1"]

1. d4 Nf6 2. Bg5 e6 3. Bxf6 Qxf6 4. c3 b6 5. Nd2 Bb7 6. Ngf3 d6 7. g3 Nd7 8. Bg2 g6 9. a4 Bg7 10. a5 c5 11. 0-0 0-0 12. a6 Bc6 13. Nc4 Qe7 14. dxc5 dxc5 15. Qc2 Rad8 16. Rfd1 Nf6 17. Nfe5 Bxg2 18. Kxg2 Qc7 19. Nf3 Nd5 20. Rd2 Ne7 21. Rad1 Nc6 22. Na3 Bf6 23. b4 cxb4 24. cxb4 Rxd2 25. Rxd2 Qc8 26. b5 Ne5 27. Nxe5 Bxe5 28. Nc4 Bb8 29. Ne3 Qe8 30. Qd3 Qe7 31. Ng4 h5 32. Ne3 Qb4 33. Qd7 Qc5 34. Qc6 Qb4 35. Rd3 h4 36. Nc4 Qe1 37. Nd6 Qxe2 38. Re3 h3+ 39. Kxh3 Qxf2 40. Rf3 Qd4 41. Nxf7 Qg7 42. Ng5 Qh6+ 43. Kg4 Qh5# 0-1

[Event "Titled Tuesday intern op 01st Nov Late"]
[Site "Chess.com INT"]
[Date "2022.11.01"]
[Round "8"]
[White "Bazzano, Sebastian"]
[Black "Perez Cruz, Adianet"]
[Result "0-1"]
[WhiteElo "2280"]
[BlackElo "1976"]
[PlyCount "96"]
[EventDate "2022.11.01"]
[EventType "swiss (blitz)"]
[EventRounds "11"]
[EventCountry "USA"]
[SourceTitle "EXT 2024"]
[Source "ChessBase"]
[SourceDate "2023.10.10"]
[SourceVersion "1"]
[SourceVersionDate "2023.10.10"]
[SourceQuality "1"]

1. d4 d5 2. Bf4 Nf6 3. e3 c6 4. c3 Bg4 5. Be2 Bxe2 6. Qxe2 Nbd7 7. Nf3 e6 8. Nbd2 c5 9. h3 cxd4 10. exd4 Be7 11. 0-0 0-0 12. Ne5 Nxe5 13. Bxe5 Bd6 14. Rfe1 Bxe5 15. dxe5 Ne8 16. Qg4 g6 17. h4 Ng7 18. Nf3 h5 19. Qf4 Rc8 20. Rad1 Rc4 21. Rd4 Qc7 22. Rxc4 Qxc4 23. Qxc4 dxc4 24. Rd1 Rb8 25. Rd7 Nf5 26. g3 b5 27. Rxa7 b4 28. Rc7 bxc3 29. bxc3 Rb1+ 30. Kg2 Rb2 31. Nd4 Ne3+ 32. Kf3 Ng4 33. Ne2 Rxa2 34. Rc5 Nh2+ 35. Ke3 Ng4+ 36. Kf3 Ra4 37. Nf4 Ra3 38. Ne2 Ra1 39. Kg2 Re1 40. Nf4 Rc1 41. Rxc4 Nxe5 42. Rc7 Ng4 43. Nh3 Rc2 44. c4 Ne5 45. c5 Nd3 46. Ng5 Rxc5 47. Rxc5 Nxc5 48. f4 Nd7 0-1

[Event "Titled Tuesday intern op 11th Oct Late"]
[Site "Chess.com INT"]
[Date "2022.10.11"]
[Round "10"]
[White "Perez Cruz, Adianet"]
[Black "Thiel, Thomas"]
[Result "0-1"]
[WhiteElo "1976"]
[BlackElo "2230"]
[PlyCount "48"]
[EventDate "2022.10.11"]
[EventType "swiss (blitz)"]
[EventRounds "11"]
[EventCountry "USA"]
[SourceTitle "EXT 2024"]
[Source "ChessBase"]
[SourceDate "2023.10.10"]
[SourceVersion "1"]
[SourceVersionDate "2023.10.10"]
[SourceQuality "1"]

1. d4 Nf6 2. Bg5 Ne4 3. Bf4 c5 4. f3 Qa5+ 5. c3 Nf6 6. d5 d6 7. e4 g6 8. Na3 Bg7 9. Nc4 Qd8 10. a4 0-0 11. Bd3 b6 12. Ne2 Ba6 13. Qd2 Re8 14. h4 h5 15. Kf2 Nbd7 16. Rag1 Bxc4 17. Bxc4 Ne5 18. Bxe5 dxe5 19. g4 hxg4 20. Ng3 gxf3 21. h5 gxh5 22. Qg5 e6 23. Bd3 Ng4+ 24. Kf1 Qxg5 0-1

[Event "Titled Tuesday intern op 04th Oct Late"]
[Site "Chess.com INT"]
[Date "2022.10.04"]
[Round "10"]
[White "Perez Cruz, Adianet"]
[Black "Mesa Cruz, Juan Carlos"]
[Result "0-1"]
[WhiteElo "1976"]
[BlackElo "2159"]
[PlyCount "98"]
[EventDate "2022.10.04"]
[EventType "swiss (blitz)"]
[EventRounds "11"]
[EventCountry "USA"]
[SourceTitle "EXT 2023"]
[Source "ChessBase"]
[SourceDate "2022.10.05"]
[SourceVersion "1"]
[SourceVersionDate "2022.10.05"]
[SourceQuality "1"]

1. d4 Nf6 2. Bg5 Ne4 3. Bf4 c5 4. f3 Nf6 5. d5 d6 6. e4 g6 7. Nc3 Bg7 8. a4 Qa5 9. Qd2 h6 10. h4 Na6 11. Nb5 Qd8 12. Ne2 Nh5 13. c3 Nxf4 14. Nxf4 0-0 15. Bd3 Nc7 16. Na3 e6 17. Bc4 exd5 18. Nxd5 Nxd5 19. Bxd5 Rb8 20. 0-0-0 a6 21. Kb1 b5 22. axb5 axb5 23. h5 g5 24. Nc2 b4 25. cxb4 Qf6 26. Qc3 Qe7 27. Qd2 Qe5 28. Qc3 Qxc3 29. bxc3 Bxc3 30. Bc4 Bxb4 31. Rxd6 Bc3+ 32. Kc1 Kg7 33. Rhd1 Be5 34. R6d5 Bf4+ 35. R1d2 Be6 36. Na3 Bxd5 37. Bxd5 Bxd2+ 38. Kxd2 Rb2+ 39. Ke3 Rxg2 40. Nc4 Rh2 41. Nd6 Rxh5 42. Nf5+ Kf6 43. Ng3 Rh2 44. Ne2 h5 45. f4 Rxe2+ 46. Kxe2 gxf4 47. Kf3 Ke5 48. Bc6 Rg8 49. Bb5 Rg3+ 0-1

[Event "Titled Tuesday intern op 23rd Aug Late"]
[Site "Chess.com INT"]
[Date "2022.08.23"]
[Round "11"]
[White "Einarsson, Halldor Gretar"]
[Black "Perez Cruz, Adianet"]
[Result "0-1"]
[WhiteElo "2226"]
[BlackElo "1976"]
[PlyCount "60"]
[EventDate "2022.08.23"]
[EventType "swiss (blitz)"]
[EventRounds "11"]
[EventCountry "USA"]
[SourceTitle "EXT 2023"]
[Source "ChessBase"]
[SourceDate "2022.10.05"]
[SourceVersion "1"]
[SourceVersionDate "2022.10.05"]
[SourceQuality "1"]

1. d4 d5 2. Nf3 Nf6 3. g3 c6 4. Bg2 Bg4 5. Ne5 Bf5 6. c4 e6 7. Nc3 Nbd7 8. Nxd7 Qxd7 9. 0-0 Ne4 10. f3 Nxc3 11. bxc3 dxc4 12. e4 Bg6 13. Qe2 Be7 14. Qxc4 0-0 15. f4 h6 16. g4 Rac8 17. f5 exf5 18. gxf5 Bh5 19. e5 c5 20. f6 cxd4 21. Qd3 Bc5 22. Be3 Rfd8 23. cxd4 Bxd4 24. Kh1 Bxe3 25. Qxe3 Qd2 26. Qg3 Qg5 27. Qb3 Qxe5 28. fxg7 b6 29. Rae1 Qc3 30. Qb5 Bg6 0-1

[Event "Titled Tuesday intern op 16th Aug Late"]
[Site "Chess.com INT"]
[Date "2022.08.16"]
[Round "11"]
[White "Perez Cruz, Adianet"]
[Black "Vargas, Mauricio"]
[Result "1-0"]
[WhiteElo "1976"]
[BlackElo "2094"]
[PlyCount "121"]
[EventDate "2022.08.16"]
[EventType "swiss (blitz)"]
[EventRounds "11"]
[EventCountry "USA"]
[SourceTitle "EXT 2023"]
[Source "ChessBase"]
[SourceDate "2022.10.05"]
[SourceVersion "1"]
[SourceVersionDate "2022.10.05"]
[SourceQuality "1"]

1. d4 d5 2. Nf3 Bg4 3. e3 e6 4. h3 Bf5 5. Bd3 Bd6 6. b3 c6 7. Bb2 Nd7 8. Bxf5 exf5 9. Nbd2 Ngf6 10. Ne5 Ne4 11. 0-0 0-0 12. f4 Ndf6 13. Ndf3 Ng3 14. Re1 Nfe4 15. c4 f6 16. Nd3 Qe8 17. cxd5 cxd5 18. Rc1 Rd8 19. Nc5 b6 20. Nd3 Kh8 21. Rc2 Qh5 22. Nd2 Rg8 23. Qxh5 Nxh5 24. Nxe4 fxe4 25. Nf2 Ng3 26. Rec1 Nf5 27. Nd1 g5 28. fxg5 Rxg5 29. Kf2 Bg3+ 30. Kf1 Bh2 31. Rc6 Ng3+ 32. Ke1 Rf5 33. Nf2 Bg1 34. Ng4 Rf1+ 35. Kd2 f5 36. Ne5 Rf2+ 37. Kd1 Rxg2 38. Nf7+ Kg7 39. Nxd8 Bxe3 40. Rc7+ Kg6 41. R1c6+ Kg5 42. Ne6+ Kh4 43. Rxh7+ Nh5 44. Bc1 Rg1+ 45. Ke2 f4 46. Bxe3 fxe3 47. Nf4 Rh1 48. Rxh5+ Kg3 49. Nxd5 Rh2+ 50. Kxe3 Rxa2 51. Rg6+ Kh2 52. Nf4 Ra3 53. Rg2+ Kh1 54. Kxe4 Rxb3 55. Rc2 Rg3 56. Rf5 a5 57. Rf6 a4 58. Rxb6 a3 59. Rb1+ Rg1 60. Rxg1+ Kxg1 61. Ra2 1-0

[Event "Camaguey-B"]
[Site "Camaguey"]
[Date "2010.02.04"]
[Round "4"]
[White "Perez Cruz, Adianet"]
[Black "Calzadilla de la Cruz, Maray"]
[Result "1/2-1/2"]
[WhiteElo "1942"]
[BlackElo "2039"]
[PlyCount "71"]
[EventDate "2010.02.02"]
[EventType "tourn"]
[EventRounds "11"]
[EventCountry "CUB"]
[SourceTitle "CBM 135 Extra"]
[Source "ChessBase"]
[SourceDate "2010.05.04"]
[SourceVersion "1"]
[SourceVersionDate "2010.05.04"]
[SourceQuality "1"]

1. e4 e5 2. Nf3 Nc6 3. d4 exd4 4. Nxd4 Bc5 5. Nxc6 Qf6 6. Qd2 dxc6 7. Qf4 Bb6 8. Nc3 Ba5 9. Qxf6 Nxf6 10. Bd2 0-0 11. f3 Be6 12. 0-0-0 b5 13. Be2 a6 14. Kb1 Bb6 15. g4 a5 16. g5 Nd7 17. f4 Nc5 18. f5 Bd7 19. Be3 Rfd8 20. Bxc5 Bxc5 21. Bf3 b4 22. Ne2 Be7 23. h4 Ra6 24. Rd2 c5 25. Rhd1 Rd6 26. Rxd6 cxd6 27. Nf4 Bc6 28. Nd5 Bxd5 29. exd5 h6 30. Re1 Rd7 31. Bg4 Ra7 32. g6 fxg6 33. fxg6 Kf8 34. Rf1+ Bf6 35. h5 Re7 36. Be6 1/2-1/2

[Event "Camaguey Juegos del Alba (W) 3rd prelim"]
[Site "Camaguey"]
[Date "2009.04.17"]
[Round "4"]
[White "Estrada, Lucia"]
[Black "Perez Cruz, Adianet"]
[Result "1-0"]
[WhiteElo "1887"]
[BlackElo "1947"]
[PlyCount "29"]
[EventDate "2009.04.15"]
[EventType "team-tourn"]
[EventRounds "5"]
[EventCountry "CUB"]
[SourceTitle "EXT 2019"]
[Source "ChessBase"]
[SourceDate "2018.10.10"]
[SourceVersion "1"]
[SourceVersionDate "2018.10.10"]
[SourceQuality "1"]
[WhiteTeam "Bolivia (W)"]
[BlackTeam "Camaguey (W)"]
[WhiteTeamCountry "BOL"]
[BlackTeamCountry "CUB"]

1. d4 d5 2. Nf3 Nf6 3. Bf4 c6 4. e3 Nbd7 5. Bd3 e6 6. Nbd2 Be7 7. h3 0-0 8. c3 h6 9. g4 Re8 10. Rg1 Nh7 11. g5 Nxg5 12. Nxg5 hxg5 13. Qh5 f5 14. Bxg5 Nf6 15. Qg6 1-0

[Event "Camaguey Juegos del Alba (W) 3rd prelim"]
[Site "Camaguey"]
[Date "2009.04.16"]
[Round "2"]
[White "Llaudy Pupo, Lisandra"]
[Black "Perez Cruz, Adianet"]
[Result "1/2-1/2"]
[WhiteElo "2208"]
[BlackElo "1947"]
[PlyCount "114"]
[EventDate "2009.04.15"]
[EventType "team-tourn"]
[EventRounds "5"]
[EventCountry "CUB"]
[SourceTitle "EXT 2019"]
[Source "ChessBase"]
[SourceDate "2018.10.10"]
[SourceVersion "1"]
[SourceVersionDate "2018.10.10"]
[SourceQuality "1"]
[WhiteTeam "Cuba (W)"]
[BlackTeam "Camaguey (W)"]
[WhiteTeamCountry "CUB"]
[BlackTeamCountry "CUB"]

1. e4 c6 2. d4 d5 3. exd5 cxd5 4. Bd3 Nc6 5. c3 Nf6 6. h3 g6 7. Qc2 Bg7 8. Bf4 0-0 9. Nf3 Nd7 10. 0-0 e5 11. dxe5 Ndxe5 12. Nxe5 Nxe5 13. Bxe5 Bxe5 14. Nd2 Bg7 15. Nf3 Qb6 16. Rad1 Bd7 17. Qb3 Qxb3 18. axb3 a5 19. Bc2 Bc6 20. Rfe1 Rfe8 21. Rxe8+ Rxe8 22. Kf1 Bb5+ 23. Bd3 Bd7 24. Be2 Bc6 25. Nd4 Bxd4 26. Rxd4 Re4 27. Rd2 Kg7 28. Bf3 Re5 29. Rd4 Bb5+ 30. Kg1 Re1+ 31. Kh2 Rb1 32. Rxd5 Bc6 33. Rxa5 Bxf3 34. gxf3 Rxb2 35. Rb5 Rxf2+ 36. Kg3 Rc2 37. c4 h5 38. h4 Rc1 39. Rxb7 Kf6 40. Rd7 Ke6 41. Rd3 f6 42. Kf2 Rc2+ 43. Ke3 g5 44. hxg5 fxg5 45. Kd4 h4 46. b4 h3 47. Rd1 Kd6 48. c5+ Kc6 49. Rb1 Rd2+ 50. Ke4 h2 51. Rh1 Rg2 52. Kd4 g4 53. fxg4 Rxg4+ 54. Kc3 Rh4 55. Kb3 Kb5 56. Kc3 Rxb4 57. Rxh2 Rc4+ 1/2-1/2

[Event "Camaguey ESPA Cup (Women)"]
[Site "Camaguey"]
[Date "2007.05.20"]
[Round "5"]
[White "Perez Cruz, Adianet"]
[Black "Rodriguez Guevara, Celia M"]
[Result "1-0"]
[WhiteElo "2053"]
[BlackElo "1977"]
[PlyCount "61"]
[EventDate "2007.05.16"]
[EventType "tourn"]
[EventRounds "14"]
[EventCountry "CUB"]
[SourceTitle "EXT 2019"]
[Source "ChessBase"]
[SourceDate "2018.10.10"]
[SourceVersion "1"]
[SourceVersionDate "2018.10.10"]
[SourceQuality "1"]

1. e4 b6 2. d4 Bb7 3. Nd2 Nf6 4. Bd3 e6 5. f4 c5 6. c3 Nc6 7. Ngf3 cxd4 8. cxd4 Be7 9. 0-0 0-0 10. a3 Rc8 11. Qe2 d6 12. b4 Nd7 13. e5 dxe5 14. fxe5 a5 15. b5 Ncb8 16. Ne4 h6 17. Nfd2 Nxe5 18. dxe5 Qd4+ 19. Kh1 Qxa1 20. Nc4 Qd4 21. Be3 Qd8 22. Bxb6 Qd5 23. Nc3 Qd7 24. Bxa5 Bc5 25. a4 Qe7 26. Ne4 Bd5 27. Nxc5 Qxc5 28. Nd6 Nd7 29. Nxc8 Qxc8 30. Be4 Bc4 31. Bd3 1-0

[Event "Camaguey ESPA Cup (Women)"]
[Site "Camaguey"]
[Date "2007.05.19"]
[Round "4"]
[White "Ginesta Caballero, Olga Lucia"]
[Black "Perez Cruz, Adianet"]
[Result "0-1"]
[WhiteElo "2094"]
[BlackElo "2053"]
[PlyCount "82"]
[EventDate "2007.05.16"]
[EventType "tourn"]
[EventRounds "14"]
[EventCountry "CUB"]
[SourceTitle "EXT 2019"]
[Source "ChessBase"]
[SourceDate "2018.10.10"]
[SourceVersion "1"]
[SourceVersionDate "2018.10.10"]
[SourceQuality "1"]

1. d4 d5 2. c4 c6 3. Nc3 Nf6 4. e3 e6 5. Nf3 Nbd7 6. Bd3 dxc4 7. Bxc4 Bb4 8. 0-0 Qc7 9. a3 Bxc3 10. bxc3 0-0 11. Qc2 e5 12. e4 h6 13. h3 exd4 14. cxd4 Nb6 15. Bb3 Qe7 16. Re1 Be6 17. a4 Bxb3 18. Qxb3 Qe6 19. Qxe6 fxe6 20. Ne5 Nfd7 21. Nxd7 Nxd7 22. Rb1 b6 23. Be3 e5 24. d5 cxd5 25. exd5 Nf6 26. d6 Ne8 27. Bd2 Nxd6 28. Bb4 Rfd8 29. Rxe5 Rac8 30. Rd1 Nf7 31. Rxd8+ Rxd8 32. Re4 Rd7 33. Kf1 Nd8 34. Ke2 Nc6 35. Bc3 Ne7 36. f4 a6 37. g4 Nd5 38. Bb2 Re7 39. Rxe7 Nxe7 40. Kd3 Kf7 41. Kc4 Nc6 0-1